Hình học hình hoạ:T.2 /
Guardado en:
| Autor principal: | |
|---|---|
| Otros Autores: | , , |
| Formato: | Libro |
| Lenguaje: | Vietnamese |
| Publicado: |
H. :
Đại học và trung học chuyên nghiệp ,
1988
|
| Edición: | In lần thứ 1 |
| Materias: | |
| Etiquetas: |
Agregar Etiqueta
Sin Etiquetas, Sea el primero en etiquetar este registro!
|
| Thư viện lưu trữ: | Thư viện Trường CĐ Kỹ Thuật Cao Thắng |
|---|
| LEADER | 00830nam a2200253 a 4500 | ||
|---|---|---|---|
| 001 | TVCDKTCT731 | ||
| 003 | Thư viện trường Cao đẳng Kỹ thuật Cao Thắng | ||
| 005 | 20050803000000 | ||
| 008 | 050803 | ||
| 980 | \ | \ | |a Thư viện Trường CĐ Kỹ Thuật Cao Thắng |
| 024 | |a RG_1 #1 eb0 i1 | ||
| 041 | 0 | # | |a vie |
| 082 | # | # | |a 516 / |b NG527Đ-h |
| 100 | 1 | # | |a Nguyễn Văn Tuấn |
| 245 | 0 | 0 | |a Hình học hình hoạ:T.2 / |c Nguyễn Văn Tuấn, ...[et al.] |
| 250 | # | # | |a In lần thứ 1 |
| 260 | # | # | |a H. : |b Đại học và trung học chuyên nghiệp , |c 1988 |
| 300 | # | # | |a 146tr. ; |c 27cm |
| 650 | # | 4 | |a Toán học |
| 650 | # | 4 | |a Hình học |
| 650 | # | 4 | |a Hình hoạ |
| 700 | 0 | # | |a Dương Tiến Thọ |
| 700 | 0 | # | |a Nguyễn Đình Điện |
| 700 | 0 | # | |a Đỗ Mạnh Môn |